ბათუმის შოთა რუსთაველის სახელმწიფო უნივერსიტეტის ბიბლიოთეკა

ბავშვთა და მოზარდთა ფიზიკური და ფუნქციური განვითარების თავისებურებები კახეთის რეგიონში " : დისერტაცია / (ბიბ.ჩანაწერი № 51865)

000 -ლიდერი
ფიქსირებული სიგრძის საკონტროლო ველი 01677nam a2200253Ia 4500
001 - საკონტროლო ნომერი
საკონტროლო ველი 18863
003 - საკონტროლო ნომრის იდენტიფიკატორი
საკონტროლო ველი GE_BSU
005 - ბოლო ოპერაციის თარიღი და დრო
საკონტროლო ველი 20220919163454.0
008 - ფიქსირებული სიგრძის მონაცემთა ელემენტები - ზოგადი ინფორმაცია
ფიქსირებული სიგრძის საკონტროლო ველი 181216s2013||||ge |||||||||||||| ||geo||
040 ## - კატალოგიზაციის წყარო
Transcribing agency GE_BSU
041 ## - ენის კოდი
Language code of text/sound track or separate title geo
080 ## - უნივერსალური ათობითი კლასიფიკაციის ინდექსი
Universal Decimal Classification number 61 ხ-25
100 ## - მთავარი ჩანაწერი - პიროვნების სახელი
Personal name ხარაბაძე, მაია
9 (RLIN) 11549
245 ## - ცნობა სათაურის შესახებ
Title ბავშვთა და მოზარდთა ფიზიკური და ფუნქციური განვითარების თავისებურებები კახეთის რეგიონში " : დისერტაცია /
Statement of responsibility, etc მაია ხარაბაძე; სამეცნიერო ხელმძღვანელი მ. ბეთანელი, რ. ხეცურიანი; თბილისის სახ-ფო სამედიცინო უნ-ტი.
264 ## - წარმოების, გამოცემის, დისტრიბუციის და სხვა ცნობები
გამოცემის, წარმოების, დისტრიბუციის... ადგილი თბილისი,
გამოცემის, წარმოების, დისტრიბუციის... თარიღი 2013.
300 ## - ფიზიკური აღწერა
Extent 182 გვ. ;
Other physical details 30 სმ.
653 ## - INDEX TERM--UNCONTROLLED
Uncontrolled term ბავშვთა და მოზარდთა ფიზიკური და ფუნქციური განვითარების თავისებურებები კახეთის რეგიონში
653 ## - INDEX TERM--UNCONTROLLED
Uncontrolled term დისერტაცია
653 ## - INDEX TERM--UNCONTROLLED
Uncontrolled term მედიცინა
700 ## - ADDED ENTRY--PERSONAL NAME
Personal name ბეთანელი, მ.
Relator term სამეცნიერო ხელმძღვანელი
9 (RLIN) 11550
700 ## - ADDED ENTRY--PERSONAL NAME
Personal name ხეცურიანი, რ.
Relator term სამეცნიერო ხელმძღვანელი
9 (RLIN) 11551
710 ## - ADDED ENTRY--CORPORATE NAME
Corporate name or jurisdiction name as entry element თბილისის სახ-ფო სამედიცინო უნ-ტი
9 (RLIN) 11543
942 ## - ADDED ENTRY ELEMENTS (KOHA)
Koha item type წიგნი
Source of classification or shelving scheme
ეგზემპლარები
ჩამოწერის სტატუსი დაკარგული ეგზემპლარის სტატუსი კლასიფიკაციის წყარო ან თაროზე გაწყობის სქემა დაზიანების სტატუსი არ გაიცემა მუდმივი მდებარეობა (დაცვის ადგილი) ამჟამინდელი ადგილსამყოფელი შეძენის თარიღი სრული შენახვის შიფრი შტრიხკოდი ბოლო ოპერაციის თარიღი ეგზემპლარის მიმდევრობითი ნომერი (კეტერი?) ფასის ძალაში შესვლის თარიღი ეგზემპლარის სახეობა
        შიდა ფონდი ბათუმის შოთა რუსთაველის სახელმწიფო უნივერსიტეტის მთავარი ბიბლიოთეკა ბათუმის შოთა რუსთაველის სახელმწიფო უნივერსიტეტის მთავარი ბიბლიოთეკა 2018-12-17 61 ხ-25 154 დისერტ. 2018-12-17 154 2018-12-17 დისერტაცია